| 000 | 01405nam0a22003011 4500 | ||
|---|---|---|---|
| 001 | rc\4137499 | ||
| 005 | 20260407192905.0 | ||
| 021 |
_aRU _b[55-43389] |
||
| 035 | _a(NLR Aleph) 008161167 | ||
| 090 |
_a7799394 _c7799394 |
||
| 100 | _a20130415d1955 |||y0rusy50 ca | ||
| 101 | 0 | _arus | |
| 102 | _aRU | ||
| 105 | _aa z ||||| | ||
| 200 | 1 |
_aУчастники Всесоюзной сельскохозяйственной выставки 1954 года по Вологодской области _e[Список] _fВологод. обл. упр. сельского хозяйства |
|
| 210 |
_aВологда _cБ. и. _d1955 |
||
| 215 |
_a71 с. _cил. _d27 |
||
| 300 | _aВ вып. дан. сост.: Т.К. Николаева, Л.И. Хивина | ||
| 606 |
_aСельскохозяйственные выставки _xЭкспоненты _yВологодская область _2psbo |
||
| 702 | 1 |
_aХивина _bЛ.И. _4220 |
|
| 702 | 1 |
_aНиколаева _bТ.К. _4220 |
|
| 712 | 0 | 2 |
_aВологодское областное управление сельского хозяйства _3RU\NLR\AUTH\8810126485 _9750308 |
| 712 | 1 | 2 |
_aВсесоюзная сельскохозяйственная выставка _f1954-1959 _eМосква _3RU\NLR\AUTH\889927075 _9349816 |
| 801 | 0 |
_aRU _bNLR _gpsbo |
|
| 801 | 1 |
_aRU _bELAR _2rusmarc |
|
| 852 |
_aNLR _jС10 Г-8/33 |
||
| 942 | _cBOOK | ||
| 980 | _aNB | ||